[Event "GRE-ch (Women) 45th"]
[Site "Athens"]
[Date "2023.12.03"]
[Round "3"]
[White "Androni, Konstantina"]
[Black "Stefanidi, Maria Anna"]
[Result "1-0"]
[WhiteElo "1917"]
[BlackElo "1879"]
[PlyCount "47"]
[EventDate "2023.12.01"]
[EventType "tourn"]
[EventRounds "9"]
[EventCountry "GRE"]
[SourceTitle "CB50_2023"]
[SourceDate "2023.12.13"]
[SourceVersion "1"]
[SourceVersionDate "2023.12.13"]
[SourceQuality "1"]

1. d4 Nf6 2. c4 e6 3. Nc3 d5 4. cxd5 exd5 5. Bg5 Be7 6. e3 h6 7. Bf4 c6 8. Bd3 Nbd7 9. h3 Nf8 10. Nf3 g5 11. Bh2 g4 12. hxg4 Bxg4 13. Qc2 Bxf3 14. gxf3 Ne6 15. 0-0-0 Qa5 16. Kb1 Nd7 17. Ne2 0-0-0 18. Ng3 Rdg8 19. Nf5 Kd8 20. e4 h5 21. exd5 cxd5 22. Rc1 Ke8 23. Qc8+ Bd8 24. Rhe1 1-0

[Event "GRE-ch (Women) 45th"]
[Site "Athens"]
[Date "2023.12.02"]
[Round "2"]
[White "Mihailidou, Magdalini"]
[Black "Androni, Konstantina"]
[Result "1/2-1/2"]
[WhiteElo "1822"]
[BlackElo "1917"]
[PlyCount "71"]
[EventDate "2023.12.01"]
[EventType "tourn"]
[EventRounds "9"]
[EventCountry "GRE"]
[SourceTitle "CB50_2023"]
[SourceDate "2023.12.13"]
[SourceVersion "1"]
[SourceVersionDate "2023.12.13"]
[SourceQuality "1"]

1. e4 c5 2. Nf3 d6 3. d4 cxd4 4. Nxd4 Nf6 5. Nc3 g6 6. Be3 Bg7 7. f3 0-0 8. Qd2 Nc6 9. 0-0-0 d5 10. Qe1 e5 11. Nxc6 bxc6 12. exd5 Nxd5 13. Bc4 Be6 14. Ne4 Qc7 15. Bc5 Rfd8 16. h4 Nf4 17. Bxe6 Rxd1+ 18. Qxd1 Nxe6 19. Be3 f5 20. Ng5 Nxg5 21. hxg5 a5 22. Qd3 Qf7 23. Kb1 Rb8 24. Qd6 Qe8 25. Qc7 a4 26. Bc5 Qd8 27. Qxc6 e4 28. Qe6+ Kh8 29. Qxg6 Rxb2+ 30. Kc1 Rxc2+ 31. Kxc2 Qd3+ 32. Kc1 Qc3+ 33. Kd1 Qd3+ 34. Kc1 Qc3+ 35. Kd1 Qd3+ 36. Kc1 1/2-1/2

[Event "GRE-ch (Women) 43rd"]
[Site "Lamia"]
[Date "2021.12.09"]
[Round "6"]
[White "Pavlidou, Ekaterini"]
[Black "Androni, Konstantina"]
[Result "1-0"]
[WhiteElo "2203"]
[BlackElo "1970"]
[PlyCount "129"]
[EventDate "2021.12.04"]
[EventType "tourn"]
[EventRounds "9"]
[EventCountry "GRE"]
[SourceTitle "CBM 205 Extra"]
[Source "ChessBase"]
[SourceDate "2022.01.31"]
[SourceVersion "1"]
[SourceVersionDate "2022.01.31"]
[SourceQuality "1"]

1. d4 d5 2. c4 e6 3. Nc3 Nf6 4. cxd5 Nxd5 5. e4 Nxc3 6. bxc3 c5 7. Nf3 cxd4 8. cxd4 Bb4+ 9. Bd2 Bxd2+ 10. Qxd2 0-0 11. Be2 b6 12. 0-0 Bb7 13. Qe3 Nd7 14. a4 Rc8 15. e5 h6 16. Ra3 Qe7 17. Rb1 Rc7 18. Ne1 Rfc8 19. f4 Nb8 20. a5 bxa5 21. Rxa5 Nc6 22. Ra4 Qd7 23. Rba1 Ne7 24. Bd3 Nd5 25. Qf2 Bc6 26. R4a3 Nb4 27. Rb3 Nxd3 28. Nxd3 Rd8 29. Rb4 Qd5 30. Nc5 Ba8 31. Ra5 Qc6 32. h3 Qe8 33. Kh2 Bd5 34. Ra3 Qe7 35. Ra6 Qe8 36. Qb2 Qe7 37. Qf2 Qe8 38. Qh4 Rb8 39. Qe1 Rd8 40. Qh4 Rb8 41. Qe1 Rd8 42. Qb1 Qe7 43. Qc1 Qh4 44. Qe3 Qh5 45. Rd6 Rdc8 46. Rb2 Qd1 47. f5 Re8 48. Rf2 Qh5 49. Rf4 Qg5 50. Qf2 h5 51. h4 Qh6 52. Qg3 Rb8 53. fxe6 fxe6 54. Nxe6 Bxe6 55. Rf6 Qc1 56. Rfxe6 Rf7 57. Qg5 Qd1 58. Rd8+ Rxd8 59. Qxd8+ Kh7 60. Re8 Qg4 61. Qg5 Qd1 62. Re6 Rf1 63. Qg6+ Kg8 64. Re8+ Rf8 65. Re7 1-0

[Event "GRE-ch (Women) 43rd"]
[Site "Lamia"]
[Date "2021.12.06"]
[Round "3"]
[White "Grapsa, Georgia"]
[Black "Androni, Konstantina"]
[Result "1/2-1/2"]
[WhiteElo "1946"]
[BlackElo "1970"]
[PlyCount "87"]
[EventDate "2021.12.04"]
[EventType "tourn"]
[EventRounds "9"]
[EventCountry "GRE"]
[SourceTitle "CBM 205 Extra"]
[Source "ChessBase"]
[SourceDate "2022.01.31"]
[SourceVersion "1"]
[SourceVersionDate "2022.01.31"]
[SourceQuality "1"]

1. d4 d5 2. Nf3 Nf6 3. c4 e6 4. g3 Be7 5. Bg2 0-0 6. 0-0 dxc4 7. Qc2 a6 8. a4 Bd7 9. Ne5 Bc6 10. Nxc6 Nxc6 11. e3 Na5 12. Nd2 c6 13. Nxc4 Nxc4 14. Qxc4 a5 15. e4 Qb6 16. Bf4 Rfd8 17. Rfd1 Rd7 18. Bf3 Qb4 19. b3 h6 20. Be3 Bf8 21. h4 Qe7 22. Kg2 Rad8 23. Qc2 e5 24. dxe5 Qxe5 25. Bb6 Rxd1 26. Rxd1 Rxd1 27. Qxd1 Bb4 28. Qd8+ Kh7 29. Bd4 Qe6 30. Bxf6 Qxf6 31. Qxf6 gxf6 32. Be2 Kg7 33. f4 Bc3 34. h5 Bb2 35. Kf3 Bc3 36. Ke3 Be1 37. g4 Bg3 38. Bc4 Bh2 39. Kf3 Bg1 40. e5 fxe5 41. fxe5 Bd4 42. Ke4 Bc3 43. g5 hxg5 44. h6+ 1/2-1/2

[Event "Paleochora op 13th"]
[Site "Paleochora"]
[Date "2020.07.23"]
[Round "7"]
[White "Androni, Konstantina"]
[Black "Sohier, Julien"]
[Result "1/2-1/2"]
[WhiteElo "1951"]
[BlackElo "2253"]
[PlyCount "161"]
[EventDate "2020.07.18"]
[EventType "swiss"]
[EventRounds "9"]
[EventCountry "GRE"]
[SourceTitle "EXT 2021"]
[Source "ChessBase"]
[SourceDate "2020.10.23"]
[SourceVersion "1"]
[SourceVersionDate "2020.10.23"]
[SourceQuality "1"]

1. d4 d5 2. e3 Nf6 3. Bd3 c5 4. c3 e6 5. Nf3 Bd6 6. 0-0 0-0 7. Nbd2 Nc6 8. Re1 e5 9. dxe5 Nxe5 10. Nxe5 Bxe5 11. Nf3 Bc7 12. h3 b6 13. b3 Bb7 14. Bb2 Qd6 15. c4 dxc4 16. Bxc4 Qc6 17. Qc2 Ne4 18. Rad1 Rad8 19. Bf1 Rfe8 20. Rxd8 Bxd8 21. Ne5 Qc7 22. Nf3 Bf6 23. Rd1 Rd8 24. Bxf6 Nxf6 25. Be2 h6 26. Rxd8+ Qxd8 27. Qf5 Qd5 28. Qf4 Qd8 29. Bc4 Bd5 30. Bxd5 Nxd5 31. Qa4 Qe7 32. Qc4 Nf6 33. Qf4 Qb7 34. Qd6 Qd7 35. Qb8+ Kh7 36. Qf8 Ne4 37. Qa8 Qd1+ 38. Kh2 Qd6+ 39. Kg1 Qd1+ 40. Kh2 Nxf2 41. Qxa7 Qd6+ 42. Kg1 Nxh3+ 43. gxh3 Qg3+ 44. Kh1 Qxf3+ 45. Kh2 Qf6 46. Qb7 Qf2+ 47. Kh1 Qxe3 48. Qxf7 Qxh3+ 49. Kg1 Qg3+ 50. Kf1 Qg6 51. Qc4 Qb1+ 52. Kg2 Qxa2+ 53. Kg3 Qb1 54. Kf3 Qf5+ 55. Ke3 h5 56. Qb5 Qe6+ 57. Kf2 h4 58. b4 Qf5+ 59. Kg2 Qg4+ 60. Kf2 Qxb4 61. Qd3+ g6 62. Qd8 Qf4+ 63. Kg2 Qg3+ 64. Kh1 Qf3+ 65. Kh2 Qf4+ 66. Kh1 g5 67. Qxb6 h3 68. Qb7+ Kg6 69. Qc6+ Kh5 70. Qd5 Kg4 71. Qe6+ Qf5 72. Qc4+ Kh5 73. Qe2+ g4 74. Qe8+ Qg6 75. Qe5+ Kh4 76. Qe1+ g3 77. Qe4+ Qg4 78. Qe7+ Qg5 79. Qe4+ Kh5 80. Qf3+ Kg6 81. Qxg3 1/2-1/2

[Event "GRE-ch (Women) 41st"]
[Site "Thessaloniki"]
[Date "2018.12.15"]
[Round "4"]
[White "Pavlidou, Ekaterini"]
[Black "Androni, Konstantina"]
[Result "1/2-1/2"]
[WhiteElo "2185"]
[BlackElo "1912"]
[PlyCount "216"]
[EventDate "2018.12.12"]
[EventType "tourn"]
[EventRounds "9"]
[EventCountry "GRE"]
[SourceTitle "CBM 187 Extra"]
[Source "ChessBase"]
[SourceDate "2018.11.04"]
[SourceVersion "1"]
[SourceVersionDate "2018.11.04"]
[SourceQuality "1"]

1. Nf3 c5 2. c4 Nc6 3. Nc3 Nf6 4. g3 d6 5. Bg2 e5 6. d3 Be7 7. 0-0 0-0 8. a3 Be6 9. Bg5 Qd7 10. Rb1 Ne8 11. b4 f6 12. Be3 Rb8 13. bxc5 dxc5 14. Ne1 f5 15. Qa4 Nf6 16. Bg5 Kh8 17. Nc2 f4 18. Bxf6 Bxf6 19. Rfe1 Bh3 20. Ne4 Be7 21. Bh1 Rf7 22. Qb5 Qf5 23. e3 fxg3 24. hxg3 h5 25. Kh2 h4 26. Rg1 Rbf8 27. Qxb7 Nd8 28. Qd5 Bg4 29. f3 hxg3+ 30. Rxg3 Qh5+ 31. Kg1 Bxf3 32. Bxf3 Rxf3 33. Rg2 Rh3 34. Ng3 Qg5 35. Nf1 Qh4 36. Nh2 Qh5 37. Qd7 Bg5 38. Qg4 Qxg4 39. Nxg4 Bf6 40. Rf1 Ne6 41. Rh2 Rxh2 42. Kxh2 Rd8 43. Ne1 e4 44. dxe4 Bb2 45. a4 Kg8 46. Rf2 Bc3 47. Nf3 Rb8 48. Rc2 Ba5 49. Ra2 Rb3 50. e5 Rc3 51. Nd2 Bb4 52. a5 a6 53. Kg2 Nd8 54. Kf3 Nc6 55. Ke4 Nxa5 56. e6 Kf8 57. Ne5 Ke7 58. Ndf3 Kxe6 59. Rg2 Nxc4 60. Rg6+ Ke7 61. Rxg7+ Kf8 62. Ra7 Rxe3+ 63. Kf5 Nxe5 64. Nxe5 Bc3 65. Nd7+ Ke8 66. Nxc5 Re5+ 67. Kf4 Rxc5 68. Rxa6 Ke7 69. Ke4 Be5 70. Ra7+ Ke6 71. Ra6+ Bd6 72. Kd4 Rh5 73. Ke4 Rh4+ 74. Kf3 Ke5 75. Ra5+ Kf6 76. Ra6 Rd4 77. Ke3 Rd1 78. Ke4 Ke6 79. Rc6 Ra1 80. Rb6 Ra4+ 81. Kf3 Kd5 82. Rb5+ Bc5 83. Rb1 Rd4 84. Rb3 Ke5 85. Rb5 Rf4+ 86. Kg3 Rc4 87. Kf3 Kf5 88. Rb3 Rf4+ 89. Kg3 Bf2+ 90. Kg2 Kg4 91. Rb8 Bh4 92. Rg8+ Bg5 93. Ra8 Rb4 94. Ra2 Rb3 95. Kf2 Bh4+ 96. Ke2 Bg3 97. Ra4+ Bf4 98. Re4 Kg3 99. Re8 Rb2+ 100. Kd3 Kf3 101. Kc3 Rb7 102. Kd4 Rd7+ 103. Kc4 Kg4 104. Rf8 Kf3 105. Re8 Be3 106. Rf8+ Ke2 107. Ra8 Rc7+ 108. Kd5 Rc5+ 1/2-1/2

[Event "GRE-ch (Women) 41st"]
[Site "Thessaloniki"]
[Date "2018.12.12"]
[Round "1"]
[White "Androni, Konstantina"]
[Black "Grapsa, Georgia"]
[Result "1/2-1/2"]
[WhiteElo "1912"]
[BlackElo "2097"]
[PlyCount "80"]
[EventDate "2018.12.12"]
[EventType "tourn"]
[EventRounds "9"]
[EventCountry "GRE"]
[SourceTitle "CBM 187 Extra"]
[Source "ChessBase"]
[SourceDate "2018.11.04"]
[SourceVersion "1"]
[SourceVersionDate "2018.11.04"]
[SourceQuality "1"]

1. d4 Nf6 2. Bg5 d5 3. e3 c5 4. Bxf6 gxf6 5. dxc5 e6 6. c4 Qa5+ 7. Nc3 dxc4 8. Bxc4 Nc6 9. Nf3 Qxc5 10. Qe2 Bd7 11. 0-0 Be7 12. Rfd1 Rd8 13. Ne4 Qb6 14. Nd6+ Kf8 15. Rd2 Na5 16. Ne4 Nxc4 17. Qxc4 Bc6 18. Rxd8+ Qxd8 19. Nc3 Rg8 20. e4 Qb6 21. Qe2 Bb4 22. Rd1 Bxc3 23. bxc3 Ke7 24. Nd4 Qc5 25. Qe3 b6 26. g3 Rc8 27. Nxc6+ Rxc6 28. Qd3 Rd6 29. Qc2 Rxd1+ 30. Qxd1 Qxc3 31. Qa4 a5 32. Kg2 Qc5 33. h4 h5 34. Kg1 Qc1+ 35. Kg2 Qc5 36. Kg1 Kd6 37. Qe8 Qc7 38. Qh8 Qc1+ 39. Kg2 Qc5 40. Qxf6 Qc7 1/2-1/2

[Event "Paleochora op 10th"]
[Site "Paleochora"]
[Date "2017.07.19"]
[Round "1"]
[White "Sadzikowski, Daniel"]
[Black "Androni, Konstantina"]
[Result "1-0"]
[WhiteElo "2563"]
[BlackElo "1863"]
[PlyCount "129"]
[EventDate "2017.07.19"]
[EventType "swiss"]
[EventRounds "9"]
[EventCountry "GRE"]
[SourceTitle "EXT 2018"]
[Source "ChessBase"]
[SourceDate "2017.10.13"]
[SourceVersion "1"]
[SourceVersionDate "2017.10.13"]
[SourceQuality "1"]

1. Nf3 Nf6 2. c4 e6 3. Nc3 d5 4. d4 c6 5. Bg5 Nbd7 6. e3 Be7 7. Rc1 0-0 8. a3 h6 9. Bh4 a6 10. c5 e5 11. dxe5 Ne4 12. Bxe7 Qxe7 13. b4 Nxe5 14. Qd4 Ng4 15. Nd1 Re8 16. h3 Nexf2 17. Nxf2 Nxe3 18. Kd2 Nxf1+ 19. Rcxf1 Qe2+ 20. Kc1 Qa2 21. Qb2 Qc4+ 22. Qc2 Qf4+ 23. Nd2 Bf5 24. Qb2 Qg3 25. Nd1 Bh7 26. Qc3 Qg5 27. Re1 d4 28. Rxe8+ Rxe8 29. Qxd4 Rd8 30. h4 Rxd4 31. hxg5 hxg5 32. Ne3 f5 33. Re1 f4 34. Ng4 Rd3 35. Re8+ Kf7 36. Re2 Rxa3 37. Nf3 Bf5 38. Kb2 Ra4 39. Nfe5+ Kf8 40. Kb3 Ra1 41. Nf2 a5 42. bxa5 Rxa5 43. Ne4 Rb5+ 44. Kc4 Bxe4 45. Rxe4 Rb2 46. Kd3 Rxg2 47. Rb4 Ke7 48. Rxb7+ Ke6 49. Kd4 Rd2+ 50. Nd3 g6 51. Rc7 Kf5 52. Rxc6 g4 53. Kc3 Re2 54. Rxg6 Re3 55. Rg8 f3 56. Rf8+ Kg5 57. Kd4 Re7 58. Ne5 Rg7 59. Nxf3+ gxf3 60. Rxf3 Rh7 61. c6 Rh4+ 62. Kd5 Rh1 63. c7 Rd1+ 64. Kc4 Kg4 65. Rc3 1-0

[Event "Heraklion Gazi op 11th"]
[Site "Heraklion"]
[Date "2015.07.30"]
[Round "7"]
[White "Klokas, Konstantinos"]
[Black "Androni, Konstantina"]
[Result "1/2-1/2"]
[WhiteElo "2150"]
[BlackElo "1914"]
[PlyCount "115"]
[EventDate "2015.07.25"]
[EventType "swiss"]
[EventRounds "9"]
[EventCountry "GRE"]
[SourceTitle "CBM 167 Extra"]
[Source "ChessBase"]
[SourceDate "2015.09.14"]
[SourceVersion "1"]
[SourceVersionDate "2015.09.14"]
[SourceQuality "1"]

1. e4 c5 2. Nf3 d6 3. d4 cxd4 4. Nxd4 Nf6 5. Nc3 a6 6. Bg5 e6 7. f4 Qb6 8. Qd2 Nc6 9. Nb3 Be7 10. 0-0-0 h6 11. Bh4 Qc7 12. Bf2 b5 13. Bd3 Bb7 14. Rhe1 0-0 15. Kb1 Nd7 16. a4 b4 17. Na2 a5 18. g4 Nb6 19. Bxb6 Qxb6 20. g5 hxg5 21. fxg5 Ne5 22. Qf4 Bc6 23. Re3 Ng6 24. Qg3 e5 25. Bc4 Bxa4 26. h4 Rac8 27. Nd2 Bb5 28. b3 a4 29. h5 Nf4 30. g6 Bxc4 31. Nxc4 Rxc4 32. bxc4 fxg6 33. hxg6 Rf6 34. Qe1 Rxg6 35. Rf3 b3 36. cxb3 axb3 37. Nb4 Qc5 38. Rc1 Bg5 39. Rxb3 Ng2 40. Qg3 Bxc1 41. Qxg6 Qxc4 42. Qe8+ Kh7 43. Qh5+ Bh6 44. Qf5+ Kg8 45. Rb2 Qc1+ 46. Ka2 Qc4+ 47. Ka3 Bc1 48. Nd5 Qa6+ 49. Kb3 Qb7+ 50. Kc4 Ne3+ 51. Nxe3 Bxb2 52. Nd5 Qa6+ 53. Kb3 Qb7+ 54. Kc2 Bd4 55. Qe6+ Kh7 56. Qh3+ Kg8 57. Qe6+ Kh7 58. Qh3+ 1/2-1/2

[Event "Heraklion Gazi op 11th"]
[Site "Heraklion"]
[Date "2015.07.29"]
[Round "6"]
[White "Androni, Konstantina"]
[Black "Serpetsidakis, Nikolaos"]
[Result "1-0"]
[WhiteElo "1914"]
[BlackElo "1796"]
[PlyCount "81"]
[EventDate "2015.07.25"]
[EventType "swiss"]
[EventRounds "9"]
[EventCountry "GRE"]
[SourceTitle "CBM 167 Extra"]
[Source "ChessBase"]
[SourceDate "2015.09.14"]
[SourceVersion "1"]
[SourceVersionDate "2015.09.14"]
[SourceQuality "1"]

1. d4 d5 2. Nf3 Nf6 3. c4 e6 4. Nc3 Bb4 5. e3 0-0 6. Bd3 c5 7. 0-0 Nc6 8. a3 Bxc3 9. bxc3 Qc7 10. cxd5 exd5 11. a4 c4 12. Bc2 Re8 13. Nd2 Ng4 14. g3 f5 15. Qf3 Qf7 16. Rb1 a6 17. Ba3 g6 18. Rb6 Nf6 19. Rfb1 Qe6 20. Qf4 Ne4 21. Nxe4 fxe4 22. Bd1 Qf7 23. Qh4 Qf5 24. Qh6 Qf7 25. h4 Qg7 26. Qg5 Qd7 27. h5 Qf5 28. Qh6 Qf7 29. Be2 Ra7 30. Bc5 Ra8 31. hxg6 Qxg6 32. Qh4 Qf5 33. Bh5 Re6 34. Bg4 Qf6 35. Bxe6+ Qxe6 36. Qg5+ Kh8 37. Bf8 Qf7 38. Bd6 Qg6 39. Qxd5 Be6 40. Qc5 Bh3 41. Rxb7 1-0

[Event "Heraklion Gazi op 11th"]
[Site "Heraklion"]
[Date "2015.07.27"]
[Round "4"]
[White "Androni, Konstantina"]
[Black "Kontokanis, Andreas"]
[Result "1-0"]
[WhiteElo "1914"]
[BlackElo "1559"]
[PlyCount "63"]
[EventDate "2015.07.25"]
[EventType "swiss"]
[EventRounds "9"]
[EventCountry "GRE"]
[SourceTitle "CBM 167 Extra"]
[Source "ChessBase"]
[SourceDate "2015.09.14"]
[SourceVersion "1"]
[SourceVersionDate "2015.09.14"]
[SourceQuality "1"]

1. d4 c6 2. c4 d5 3. Nf3 Nf6 4. Nc3 dxc4 5. a4 Bf5 6. e3 e6 7. Bxc4 Bb4 8. 0-0 Nbd7 9. Qe2 Bg6 10. Rd1 0-0 11. Bd3 Bxd3 12. Qxd3 h6 13. e4 Qc7 14. e5 Nd5 15. Ne4 a5 16. Neg5 hxg5 17. Nxg5 N7f6 18. exf6 Nxf6 19. Qh3 Rfd8 20. Qh4 Rd5 21. Bf4 Bd6 22. Bxd6 Qxd6 23. Ra3 Kf8 24. Qh8+ Ng8 25. Nh7+ Ke7 26. Qxg7 Rf5 27. Re3 Rd8 28. Rde1 Kd7 29. Rxe6 Qxe6 30. Rxe6 Kxe6 31. g4 Rf4 32. Qe5+ 1-0

[Event "Ambelokipi op 153th"]
[Site "Athens"]
[Date "2015.05.13"]
[Round "2"]
[White "Ilandzis, Spyridon"]
[Black "Androni, Konstantina"]
[Result "1-0"]
[WhiteElo "2132"]
[BlackElo "1940"]
[PlyCount "81"]
[EventDate "2015.05.06"]
[EventType "swiss"]
[EventRounds "7"]
[EventCountry "GRE"]
[SourceTitle "EXT 2024"]
[Source "ChessBase"]
[SourceDate "2023.10.10"]
[SourceVersion "1"]
[SourceVersionDate "2023.10.10"]
[SourceQuality "1"]

1. b3 d5 2. Bb2 c5 3. e3 Nf6 4. Nf3 e6 5. Bb5+ Bd7 6. a4 a6 7. Bxd7+ Nbxd7 8. 0-0 Bd6 9. d3 0-0 10. a5 Re8 11. Qe2 e5 12. e4 Bc7 13. exd5 Nxd5 14. Qe4 Nb4 15. Na3 Bxa5 16. Nc4 Bc7 17. Ne3 Nc6 18. Nd5 Nf6 19. Nxf6+ Qxf6 20. Nd2 Rad8 21. Qc4 Qh6 22. Ne4 Nd4 23. Bxd4 exd4 24. g3 Re5 25. b4 Rh5 26. h4 Qg6 27. Rae1 b5 28. Qb3 cxb4 29. Qxb4 Rxh4 30. Qe7 Rxe4 31. Rxe4 Qc6 32. Rfe1 h6 33. R1e2 a5 34. Rf4 Rf8 35. Rxd4 a4 36. Qb4 Qf3 37. Rde4 f5 38. Re7 f4 39. Qd4 Rf7 40. Rxf7 Kxf7 41. Qd7+ 1-0

[Event "GRE-ch (Women) 37th"]
[Site "Vrachati"]
[Date "2014.12.11"]
[Round "9"]
[White "Avramidou, Anastasia"]
[Black "Androni, Konstantina"]
[Result "1-0"]
[WhiteElo "2237"]
[BlackElo "1891"]
[PlyCount "95"]
[EventDate "2014.12.03"]
[EventType "tourn"]
[EventRounds "9"]
[EventCountry "GRE"]
[SourceTitle "CBM 163 Extra"]
[Source "ChessBase"]
[SourceDate "2014.12.23"]
[SourceVersion "1"]
[SourceVersionDate "2014.12.23"]
[SourceQuality "1"]

1. e4 d5 2. exd5 Qxd5 3. Nf3 Bg4 4. Be2 Nc6 5. Nc3 Qd7 6. d3 Nf6 7. Bf4 a6 8. h3 Bxf3 9. Bxf3 0-0-0 10. 0-0 Nd4 11. Rb1 e6 12. b4 Nxf3+ 13. Qxf3 Nd5 14. Nxd5 Qxd5 15. Qe3 Kb8 16. a4 Bd6 17. b5 a5 18. b6 c6 19. Rb3 e5 20. Bg3 f5 21. c4 Qd4 22. Qxd4 exd4 23. Bxd6+ Rxd6 24. Re1 f4 25. Re5 f3 26. g3 Rf6 27. Rb1 Rc8 28. g4 g6 29. Kh2 c5 30. Rb5 h5 31. g5 Rfc6 32. Kg3 Rf8 33. Rexc5 Re6 34. Re5 Rd6 35. c5 Rd7 36. Rxa5 h4+ 37. Kxh4 Rh7+ 38. Kg3 Rfh8 39. Kxf3 Rxh3+ 40. Ke4 R3h4+ 41. Kd5 Rd8+ 42. Kc4 Rf4 43. Re7 Rxf2 44. Ra7 Rc2+ 45. Kb4 Rb2+ 46. Ka5 Rb3 47. Rexb7+ Kc8 48. Ka6 1-0

[Event "GRE-ch (Women) 37th"]
[Site "Vrachati"]
[Date "2014.12.07"]
[Round "5"]
[White "Vatkali, Dimitra"]
[Black "Androni, Konstantina"]
[Result "1/2-1/2"]
[WhiteElo "1992"]
[BlackElo "1891"]
[PlyCount "77"]
[EventDate "2014.12.03"]
[EventType "tourn"]
[EventRounds "9"]
[EventCountry "GRE"]
[SourceTitle "CBM 163 Extra"]
[Source "ChessBase"]
[SourceDate "2014.12.23"]
[SourceVersion "1"]
[SourceVersionDate "2014.12.23"]
[SourceQuality "1"]

1. e4 c5 2. Nf3 Nc6 3. d4 cxd4 4. Nxd4 Nf6 5. Nc3 e5 6. Ndb5 d6 7. Bg5 a6 8. Na3 b5 9. Nd5 Be7 10. Bxf6 Bxf6 11. c3 0-0 12. Nc2 Bg5 13. a4 bxa4 14. Rxa4 a5 15. Bc4 Rb8 16. b3 Kh8 17. 0-0 f5 18. exf5 Bxf5 19. Nce3 Bg6 20. Bd3 Bxd3 21. Qxd3 Bxe3 22. fxe3 Rxf1+ 23. Qxf1 Rxb3 24. Rc4 Rb5 25. Nc7 Rb6 26. Nd5 Rb5 27. e4 Rc5 28. Rxc5 dxc5 29. Qa6 Qe8 30. Nc7 Qd7 31. Qa8+ Nd8 32. Nd5 a4 33. h3 h6 34. Nb6 Qd1+ 35. Kh2 Qd2 36. Qxa4 Qf4+ 37. Kg1 Qc1+ 38. Kh2 Qf4+ 39. Kg1 1/2-1/2

[Event "GRE-ch (Women) 37th"]
[Site "Vrachati"]
[Date "2014.12.06"]
[Round "4"]
[White "Androni, Konstantina"]
[Black "Makka, Ioulia"]
[Result "0-1"]
[WhiteElo "1891"]
[BlackElo "2119"]
[PlyCount "90"]
[EventDate "2014.12.03"]
[EventType "tourn"]
[EventRounds "9"]
[EventCountry "GRE"]
[SourceTitle "CBM 163 Extra"]
[Source "ChessBase"]
[SourceDate "2014.12.23"]
[SourceVersion "1"]
[SourceVersionDate "2014.12.23"]
[SourceQuality "1"]

1. Nf3 Nf6 2. g3 b5 3. Bg2 Bb7 4. 0-0 e6 5. d3 c5 6. e4 d6 7. Nbd2 Qc7 8. Qe2 a6 9. Nh4 Be7 10. f4 Nfd7 11. f5 e5 12. Ndf3 Nc6 13. c3 a5 14. Be3 Ba6 15. Qd2 Nf6 16. h3 c4 17. d4 Nxe4 18. Qe1 Bb7 19. Rd1 Nf6 20. d5 Nd8 21. Nh2 Rb8 22. g4 h6 23. Qg3 Nh7 24. N4f3 Ba8 25. h4 f6 26. g5 hxg5 27. hxg5 Nxg5 28. Nxg5 fxg5 29. Bxg5 Bf6 30. Bxf6 gxf6 31. Qg6+ Qf7 32. Ng4 Ke7 33. Nxe5 dxe5 34. d6+ Kd7 35. Bxa8 Rxa8 36. Kf2 Qxg6 37. fxg6 Ke6 38. Rg1 Rg8 39. b3 cxb3 40. axb3 Ra6 41. d7 Ra7 42. Rd3 Rxd7 43. Rh3 Rdg7 44. Rd3 Nb7 45. Rdg3 Nc5 0-1

[Event "Heraklion Gazi op 10th"]
[Site "Heraklion"]
[Date "2014.07.31"]
[Round "2"]
[White "Androni, Konstantina"]
[Black "Fragiadaki, Irini"]
[Result "1-0"]
[WhiteElo "1912"]
[BlackElo "1564"]
[PlyCount "109"]
[EventDate "2014.07.30"]
[EventType "swiss"]
[EventRounds "9"]
[EventCountry "GRE"]
[SourceTitle "EXT 2016"]
[Source "ChessBase"]
[SourceDate "2015.10.08"]
[SourceVersion "1"]
[SourceVersionDate "2015.10.08"]
[SourceQuality "1"]

1. d4 Nf6 2. Nf3 c5 3. d5 b5 4. a4 Bb7 5. d6 exd6 6. axb5 Qb6 7. e3 a6 8. bxa6 Nxa6 9. Be2 g6 10. Nbd2 d5 11. b3 Bg7 12. Bb2 0-0 13. 0-0 d6 14. Ra4 Nb4 15. Ne1 Rxa4 16. bxa4 Ra8 17. Qa1 Qd8 18. c3 Nc6 19. Bb5 Ne4 20. Nxe4 dxe4 21. c4 Bxb2 22. Qxb2 Na5 23. Nc2 Qc7 24. Rd1 Bc6 25. Na3 Rb8 26. Qf6 Rd8 27. g3 Nb7 28. Qf4 f5 29. Nb1 Na5 30. Nc3 Nb7 31. Ra1 Na5 32. g4 fxg4 33. Nxe4 Bxe4 34. Qxe4 Qf7 35. Qxg4 Rf8 36. Ra2 Qf5 37. Qxf5 Rxf5 38. Rd2 Rf6 39. Kf1 Kf8 40. Ke2 Ke7 41. f4 Ke6 42. h4 Rf5 43. Kf3 Rf8 44. Kg4 Ke7 45. e4 Nb3 46. Rb2 Na5 47. f5 gxf5+ 48. exf5 Kf6 49. Re2 Rd8 50. Re6+ Kf7 51. Kf4 d5 52. cxd5 Rxd5 53. Ra6 c4 54. Rxa5 c3 55. Be8+ 1-0

[Event "GRE-ch U20 Girls"]
[Site "Thessaloniki"]
[Date "2014.01.06"]
[Round "5"]
[White "Androni, Konstantina"]
[Black "Tsolakidou, Stavroula"]
[Result "0-1"]
[WhiteElo "1922"]
[BlackElo "2156"]
[PlyCount "80"]
[EventDate "2014.01.02"]
[EventType "tourn"]
[EventRounds "7"]
[EventCountry "GRE"]
[SourceTitle "EXT 2016"]
[Source "ChessBase"]
[SourceDate "2015.10.08"]
[SourceVersion "1"]
[SourceVersionDate "2015.10.08"]
[SourceQuality "1"]

1. d4 Nf6 2. Nf3 e6 3. c4 Bb4+ 4. Bd2 a5 5. Nc3 d6 6. g3 Nbd7 7. Bg2 e5 8. 0-0 exd4 9. Nxd4 c6 10. Nc2 Bc5 11. e4 Ne5 12. Be3 Bg4 13. f3 Bxe3+ 14. Nxe3 Qb6 15. Qe2 Nxc4 16. Ncd1 Be6 17. Kh1 Qa6 18. f4 Nxe3 19. Qxe3 h5 20. Nf2 Qa7 21. Qe2 h4 22. g4 Qa6 23. Qd2 Nxg4 24. Nxg4 Bxg4 25. Qxd6 h3 26. Qe5+ Be6 27. Bf3 0-0-0 28. Qxg7 Rhg8 29. Qe5 Rd2 30. Rg1 Rxg1+ 31. Rxg1 Qd3 32. Bh5 Qc2 33. f5 Rxh2+ 34. Qxh2 Qxe4+ 35. Rg2 Qe1+ 36. Qg1 hxg2+ 37. Kh2 Qh4+ 38. Kxg2 Bd5+ 39. Kf1 Qxh5 40. Qg8+ Kd7 0-1